عرض عادي
عرض مارك
- بنشريفة، محمد
مدخل إسم شخص
001 - رقم الضبط
- حقل الضبط: 13722
003 - معرف رقم الضبط
- حقل الضبط: OSt
005 - تاريخ ووقت أخر عملية
- حقل الضبط: 20120510211128.0
008 - عناصر بيانات ثابتة الطول
- حقل تحكم ثابت الطول: 120510|||a|||||| | ||| d
040 ## - مصدر الفهرسة
- هيئة الفهرسة الأصلية: OSt
- وكالة الكتابة: OSt
100 ## - مدخل -- أسم شخص
- إسم شخص: بنشريفة، محمد
- مصطلح الرابط: مقدم.
670 ## - بيانات المصدر موجوده
- الاستشهاد بالمصدر: Work cat.: (OSt): شروح أندلسية غير معروفة لـ "سقط الزند" /, 2011
